| 000 | 00437nam a2200169Ia 4500 | ||
|---|---|---|---|
| 005 | 20250508162448.0 | ||
| 008 | 008 250505s9999 xx 000 0 hin d | ||
| 037 | _aTextual | ||
| 040 |
_aFEDL _beng _cFEDL |
||
| 041 |
_ahin _2hin |
||
| 084 | _qFEDL | ||
| 100 | _aDasgupt S. N. | ||
| 245 | 0 | _aBhartiya darshan ka itihas | |
| 260 |
_aJaipur, India _bRajasthan Hindi Granth Akademi |
||
| 942 | _cTEXL | ||
| 999 |
_c1376697 _d1376697 |
||